MARC

LEADER 00000nam0a2200000 4500
001 318592
005 20231102003107.0
035 |a (RuTPU)RU\TPU\book\344090 
090 |a 318592 
100 |a 20160428d1975 k y0rusy50 ca 
101 0 |a rus 
102 |a RU 
105 |a a z 101zy 
200 1 |a Планирование развития и управление режимами работы энергетических систем. Международная конференция по большим электрическим системам (СИГРЭ-72)  |e [сборник]  |f Комитет по участию СССР в международных энергетических объединениях ; под ред. В. А. Веникова 
210 |a Москва  |c Энергия  |d 1975 
215 |a 167 с.  |c ил. 
320 |a Библиогр. в конце ст. 
606 1 |a Энергетические системы  |x Режим работы  |x Оптимизация  |2 stltpush  |3 (RuTPU)RU\TPU\subj\21271  |9 46290 
610 1 |a планирование 
610 1 |a энергоблоки 
610 1 |a надежность 
610 1 |a объединенные энергосистемы 
610 1 |a напряжение 
610 1 |a автоматическое регулирование 
610 1 |a режимы 
610 1 |a моделирование 
610 1 |a электроснабжение 
610 1 |a бесперебойность 
610 1 |a проектирование 
610 1 |a надежность 
675 |a 621.311.004.13  |v 4 
702 1 |a Веников  |b В. А.  |4 340 
712 0 2 |a Комитет по участию СССР в международных энергетических объединениях 
712 1 2 |a Международная конференция по большим электрическим системам (СИГРЭ-72)  |c международная конференция  |d [50]  |e [Франция]  |f 1972  |4 570 
801 1 |a RU  |b 63413507  |c 20160428 
801 2 |a RU  |b 63413507  |c 20160513  |g RCR 
942 |c BK